000
00217 a2200097 4500
001
57710
100
_a
245
_a
Juram, Jail aur police
260
_a
Lahore
_b
Jang publisher
_c
1994
090
_c
35392
_d
35392
942
_a
NUST-CAE
_c
MONOGRAPH
_c
28216
999
_c
292783
_d
292783